[Event "1st Asian Clubs"]
[Site "Al Ain UAE"]
[Date "2008.12.27"]
[Round "3"]
[White "Bui Vinh"]
[Black "Atia,J"]
[Result "1/2-1/2"]
[WhiteElo "2507"]
[BlackElo "2200"]

1.d4 d5 2.c4 e6 3.Nc3 c6 4.Qb3 Nf6 5.Nf3 Bd6 6.g3 Nbd7 7.Bg2 O-O 8.O-O Re8
9.Rd1 Qe7 10.h3 h6 11.Be3 Ne4 12.Nxe4 dxe4 13.Nd2 f5 14.d5 c5 15.dxe6 Nf6
16.Nb1 Bxe6 17.Nc3 b6 18.Nb5 Be5 19.Bf4 Bxf4 20.gxf4 Red8 21.Qc3 a6 22.Na3 Rxd1+
23.Rxd1 Rd8 24.Rd2 Rxd2 25.Qxd2 Qd7 26.Qxd7 Bxd7 27.Nb1 Kf7 28.Nc3 b5 29.cxb5 axb5
30.e3 b4 31.Nb1 Be6 32.b3 c4 33.bxc4 Bxc4 34.a4 bxa3 35.Nxa3 Bd3 36.Bf1 Bxf1
37.Kxf1 g5 38.fxg5 hxg5 39.Nc4 Ke6 40.Kg2 Kd5 41.Nd2 Ke5 42.Nc4+ Kd5 43.Nb6+ Kc6
44.Na4 Kd5 45.Nc3+ Ke5 46.Ne2 Nd5 47.Kg3 Nf6 48.h4 Nh5+ 49.Kh3 gxh4 50.Kxh4 Nf6
51.Nf4 Ng4 52.Kg3 Kf6 53.Nh3 Ne5  1/2-1/2

[Event "5th Open"]
[Site "Vandoeuvre les Nancy FRA"]
[Date "2008.12.27"]
[Round "3"]
[White "Marzolo,C"]
[Black "Goldsztejn,Gi"]
[Result "1/2-1/2"]
[WhiteElo "2484"]
[BlackElo "2415"]

1.d4 d5 2.Nf3 Nf6 3.c4 e6 4.Nc3 c6 5.Qb3 b6 6.Bg5 Be7 7.e3 O-O 8.Bd3 Ba6
9.O-O Nbd7 10.Rfd1 dxc4 11.Bxc4 Bxc4 12.Qxc4 Rc8 13.e4 b5 14.Qe2 b4 15.Na4 Qa5
16.b3 h6 17.Bxf6 Nxf6 18.Rac1 Nd7 19.Rc2 Rfe8 20.Rdc1 Bg5 21.Nxg5 Qxg5 22.g3 Nf6
23.Rc5 Qg6 24.f3 Rcd8 25.Qe3 Nh5 26.Rxc6 f5 27.exf5 exf5 28.Qd2 Rd6 29.Rxd6 Qxd6
30.Kg2 Re6 31.Qd3 Rf6 32.d5 Rg6 33.Qxf5 Nf4+ 34.Kf2 Nxd5 35.Rd1 Rg5 36.Qe4 Re5
37.Qc4 Qe6 38.Rd4 Kh8 39.Re4 Qf6 40.Rxe5 Qxe5 41.Qe4 Qg5 42.Qd4 a5 43.h4 Qf5
44.Qe4 Qd7 45.Kg2 Nf6 46.Qe2 Qd4 47.Nb2 Nd5 48.Nc4 Nc3 49.Qc2 a4 50.Nd2 Ne2
51.Qc8+ Kh7 52.Qf5+ Kh8 53.Ne4 a3 54.Qc8+ Kh7 55.Qc2 Qg1+ 56.Kh3 Qf1+ 57.Kg4 h5+
58.Kxh5 Qxf3+ 59.Kg5 Kg8 60.Qc4+ Kh7 61.Qxb4 Nxg3 62.Nxg3 Qxg3+ 63.Qg4 Qe3+
64.Qf4 Qg1+ 65.Qg4 Qe3+  1/2-1/2

[Event "Invitation Match"]
[Site "Groningen NED"]
[Date "2008.12.28"]
[Round "3"]
[White "Werle,J"]
[Black "Smeets,J"]
[Result "1/2-1/2"]
[WhiteElo "2582"]
[BlackElo "2604"]

1.Nf3 d5 2.d4 Nf6 3.c4 c6 4.Nc3 e6 5.Qb3 dxc4 6.Qxc4 b5 7.Qb3 a6 8.Bg5 c5
9.dxc5 Bxc5 10.Ne4 Be7 11.Rd1 Nd5 12.Bxe7 Qxe7 13.e3 O-O 14.Bd3 Nd7 15.O-O Bb7
16.Bb1  1/2-1/2

[Event "XXXIV Open"]
[Site "Seville ESP"]
[Date "2009.01.25"]
[Round "3"]
[White "Melero Fidalgo,J"]
[Black "De la Villa Garcia,J"]
[Result "0-1"]
[WhiteElo "2175"]
[BlackElo "2469"]

1.d4 Nf6 2.c4 e6 3.Nf3 d5 4.Nc3 c6 5.Qb3 dxc4 6.Qxc4 b5 7.Qb3 Nbd7 8.g3 b4
9.Nb1 Ba6 10.e3 Bxf1 11.Kxf1 c5 12.Kg2 cxd4 13.Nxd4 Bc5 14.Rd1 O-O 15.Nd2 Bxd4
16.exd4 a5 17.Nf3 Nd5 18.h4 h6 19.g4 a4 20.Qd3 Rc8 21.h5 Rxc1  0-1

[Event "Arcapita Open"]
[Site "Manama BHN"]
[Date "2009.01.31"]
[Round "7"]
[White "Kveinys,A"]
[Black "Tregubov,P"]
[Result "1/2-1/2"]
[WhiteElo "2522"]
[BlackElo "2647"]

1.d4 d5 2.Nf3 Nf6 3.c4 e6 4.Nc3 c6 5.Qb3 dxc4 6.Qxc4 b5 7.Qd3 a6 8.e4 c5
9.dxc5 Bxc5 10.Qxd8+ Kxd8 11.Ne5 Ke7 12.f3 Bd4 13.Nd3 Nc6 14.Bd2 Bb7 15.O-O-O Rhd8
16.Be2 Nd7 17.a3 Nb6 18.Ne1 Rac8 19.Nc2 f6 20.Nxd4 Nxd4 21.Rhe1 Nc4 22.Bxc4 Rxc4
23.Kb1 e5 24.Be3 Ke6 25.Rd2 Rd7 26.Red1 Bc6 27.Bxd4 Rcxd4 28.Rxd4 exd4 29.Ne2 Ke5
30.Nc1 a5 31.Nd3+ Kd6 32.b4 Re7 33.Kb2 g5 34.bxa5 Ba8 35.Nb4 Ke5 36.a6 g4
37.Nd3+ Kd6 38.Nb4 Ke5 39.Nd3+ Kd6 40.Nb4 Ke5  1/2-1/2

[Event "14th HIT Open"]
[Site "Nova Gorica SLO"]
[Date "2009.02.01"]
[Round "3"]
[White "Stajner,S"]
[Black "Buzeti,J"]
[Result "1-0"]
[WhiteElo "2278"]
[BlackElo "2199"]

1.d4 d5 2.c4 c6 3.Nf3 Nf6 4.Nc3 e6 5.Bf4 dxc4 6.a4 Bb4 7.Qc2 Nbd7 8.e4 b5
9.Be2 Bb7 10.O-O a6 11.Rfd1 O-O 12.Bg5 Qc7 13.e5 Nd5 14.Ne4 f5 15.exf6 N7xf6
16.Nc5 Bxc5 17.dxc5 Qe7 18.b3 c3 19.b4 a5 20.axb5 axb4 21.bxc6 Bxc6 22.Nd4 Rxa1
23.Rxa1 Qb7 24.Ra6 Ra8 25.Qa2 Rxa6 26.Bxa6 Qd7 27.Bc4 Ne4 28.Be3 Nxc5 29.Nc2 Nxe3
30.Nxe3 Bb5 31.h3 Kf7 32.Ng4 Qd1+ 33.Kh2 Qd6+ 34.g3 Qa6 35.Ne5+ Ke7 36.Qe2 Bxc4
37.Nxc4 Qc6 38.Qg4 Qe8 39.Qg5+ Kf7 40.Nd6+  1-0

[Event "XXXVI Open"]
[Site "La Roda ESP"]
[Date "2009.04.08"]
[Round "1"]
[White "Aranaz Murillo,A"]
[Black "Cruz,Cr"]
[Result "0-1"]
[WhiteElo "2060"]
[BlackElo "2544"]

1.Nf3 Nf6 2.c4 e6 3.Nc3 d5 4.d4 c6 5.Qb3 Nbd7 6.Bg5 Be7 7.e3 O-O 8.Bd3 dxc4
9.Qxc4 Nd5 10.Bxe7 Qxe7 11.O-O Re8 12.Nxd5 exd5 13.Qc2 g6 14.Rab1 a5 15.Rfc1 Nf6
16.Nd2 h5 17.a3 Ng4 18.Nf1 a4 19.h3 Nh6 20.Re1 Qg5 21.Kh2 Qf6 22.Qe2 Kg7
23.Nd2 Bf5 24.Bxf5 Nxf5 25.Nf3 Re4 26.Qc2 g5 27.Ne5 g4 28.hxg4 hxg4 29.g3 Qh6+
30.Kg2 Rh8 31.Kf1 Qh3+ 32.Ke2 Nxd4+  0-1

[Event "Foxwoods Open"]
[Site "Ledyard USA"]
[Date "2009.04.11"]
[Round "6"]
[White "Markzon,G"]
[Black "Robson,R"]
[Result "1/2-1/2"]
[WhiteElo "2203"]
[BlackElo "2465"]

1.d4 d5 2.c4 e6 3.Nf3 Nf6 4.Nc3 c6 5.Qb3 dxc4 6.Qxc4 b5 7.Qb3 Nbd7 8.g3 b4
9.Na4 c5 10.Bg2 Bb7 11.Nxc5 Nxc5 12.dxc5 Bxc5 13.Be3 Bxe3 14.Qxe3 O-O 15.O-O Nd5
16.Qe5 Qb6 17.Rfd1 Rac8 18.Rd4 Rc5 19.Rg4 f6 20.Qd4 e5 21.Qd2 f5 22.Rh4 Qf6
23.a3 bxa3 24.Ra4 e4 25.Nd4 f4 26.R4xa3 fxg3 27.Rxg3 Qxf2+ 28.Kh1 Nf4 29.Qb4 Rh5
30.Qc3 e3 31.Rxg7+ Kxg7 32.Nf5+ Kg6 33.Qg7+ Kxf5 34.Qxf8+ Ke6 35.Qe8+ Kf6
36.Qf8+ Ke6 37.Qe8+  1/2-1/2

[Event "CICC Open"]
[Site "Calgary CAN"]
[Date "2009.05.18"]
[Round "8"]
[White "Fedorowicz,J"]
[Black "Ristovic,N"]
[Result "1-0"]
[WhiteElo "2485"]
[BlackElo "2252"]

1.d4 d5 2.c4 c6 3.Nf3 Nf6 4.Qb3 e6 5.Nc3 Be7 6.g3 O-O 7.Bg2 b6 8.Bf4 Bb7
9.O-O dxc4 10.Qxc4 Nd5 11.Bxb8 Qxb8 12.Ne5 Rc8 13.e4 Nxc3 14.Qxc3 Qd6 15.Rad1 Bf8
16.f4 f6 17.Nc4 Qb4 18.Qc2 Ba6 19.b3 Bxc4 20.bxc4 Rc7 21.Bh3 Re8 22.Kh1 Qa5
23.e5 f5 24.g4 g6 25.gxf5 gxf5 26.Rg1+ Kh8 27.Qe2 Ree7 28.d5 cxd5 29.cxd5 exd5
30.Bxf5 Qb4 31.Qf3 Rg7 32.Be6 Bc5 33.Rg3 Bd4 34.Qxd5  1-0

[Event "13th Open"]
[Site "Voronezh RUS"]
[Date "2009.06.15"]
[Round "4"]
[White "Korotylev,A"]
[Black "Zernyshkin,V"]
[Result "1/2-1/2"]
[WhiteElo "2607"]
[BlackElo "2231"]

1.Nf3 d5 2.d4 Nf6 3.c4 e6 4.Nc3 c6 5.Qb3 Nbd7 6.Bg5 Be7 7.e3 Qb6 8.Qc2 Qc7
9.Rc1 O-O 10.cxd5 exd5 11.Bd3 h6 12.Bh4 Re8 13.O-O Qd8 14.Bg3 Nf8 15.h3 Bd6
16.Ne5 Qe7 17.f4 Nh5 18.Bf2 g5 19.Qd1 Ng7 20.e4 f6 21.exd5 fxe5 22.fxe5 Bb8
23.d6 Qd8 24.Ne4 Kh8 25.Nf6 Re6 26.Ng4 h5 27.Nh2 Ng6 28.Be3 Bxd6 29.exd6 Rxe3
30.Bxg6 Qxd6 31.Bxh5 Bxh3 32.Bg4 Bxg4 33.Nxg4 Re4 34.Rc3 Ne6 35.Rf7 Nf4 36.Nf2 Re7
37.Rxe7 Qxe7 38.Kf1 Kg7 39.Rg3 Rf8 40.Qg4 Kg6 41.Rf3 Qe2+ 42.Kg1 Rh8 43.Nh3 Nxh3+
44.gxh3 Qd1+ 45.Kg2 Qe2+ 46.Kg3 Qe1+ 47.Kg2 Qe2+  1/2-1/2

[Event "Salongernas IM"]
[Site "Stockholm SWE"]
[Date "2009.06.17"]
[Round "1"]
[White "Semcesen,D"]
[Black "Vul,A"]
[Result "1/2-1/2"]
[WhiteElo "2387"]
[BlackElo "2322"]

1.d4 d5 2.c4 e6 3.Nf3 Nf6 4.Nc3 c6 5.Qb3 dxc4 6.Qxc4 b5 7.Qb3 a6 8.g3 Nbd7
9.Bg2 Bb7 10.O-O c5 11.a4 c4 12.Qc2 b4 13.Nb1 Rc8 14.Bg5 h6 15.Bxf6 Nxf6
16.Nbd2 c3 17.bxc3 bxc3 18.Nb3 Be4 19.Qa2 Nd5 20.Rac1 Nb4 21.Qa1 Nc2 22.Qa2 Nb4
23.Qa1 Nc2 24.Qa2 Nb4 25.Qa1 Nc2 26.Qa2  1/2-1/2

[Event "13th FIDE Open"]
[Site "Voronezh RUS"]
[Date "2009.06.18"]
[Round "7"]
[White "Borisovsky,V"]
[Black "Napalkov,V"]
[Result "0-1"]
[WhiteElo "2064"]
[BlackElo "2235"]

1.d4 d5 2.c4 c6 3.Nc3 Nf6 4.Nf3 e6 5.Bf4 Be7 6.e3 O-O 7.Bd3 Nbd7 8.O-O a6
9.e4 dxe4 10.Nxe4 Nxe4 11.Bxe4 Nf6 12.Bc2 c5 13.Qd3 b6 14.Ng5 Qxd4 15.Nxh7 Qxd3
16.Nxf6+ Bxf6 17.Bxd3 Ra7 18.Rab1 Rd8 19.Be2 Bd4 20.Rfd1 f6 21.Kf1 e5 22.Bg3 Be6
23.b3 Rad7 24.Rd2 a5 25.Rbd1 a4 26.Bh4 axb3 27.axb3 Ra8 28.Bd3 Ra3 29.Bc2 Rda7
30.f3 b5 31.cxb5 Bxb3 32.Bf2 Bc4+ 33.Ke1 Bxb5 34.Bxd4 cxd4 35.Rb1 Ra1 36.Rdd1 Rxb1
37.Rxb1 Bc4 38.Rb4 Be6 39.Bg6 Kf8 40.f4 Ke7 41.h4 Ra1+ 42.Kf2 Ra2+ 43.Kf1 Bd5
44.g4 Kd6 45.Rb5 Bc4+  0-1

[Event "ZMD Open"]
[Site "Dresden GER"]
[Date "2009.07.02"]
[Round "9"]
[White "Blodstein,B"]
[Black "Walther,Ju"]
[Result "1-0"]
[WhiteElo "2194"]
[BlackElo "1939"]

1.d4 d5 2.c4 c6 3.Nf3 Nf6 4.Qb3 e6 5.Nc3 dxc4 6.Qxc4 b5 7.Qd3 a6 8.e4 Bb4
9.Bg5 Be7 10.Be2 h6 11.Bh4 Bb7 12.e5 Nd5 13.Bxe7 Qxe7 14.Ne4 O-O 15.O-O Nf4
16.Qd2 Nxe2+ 17.Qxe2 a5 18.Nd6 Ba6 19.Rfc1 Ra7 20.Qc2 f5 21.a3 g5 22.b4 a4
23.Ne1 Qg7 24.Nd3 Re7 25.Nc5 Bc8 26.Nd3 Bd7 27.Qe2 Be8 28.f4 Bg6 29.Rc3 Rd8
30.Qe3 g4 31.Rac1 Be8 32.Nc5 Qg6 33.Ncb7 Rdd7 34.Na5 Rd8 35.Qd3 Bd7 36.Nab7 Rf8
37.R3c2 h5 38.Qc3 h4 39.Qc5 Rg7 40.Qb6 g3 41.h3 Qh6 42.Rf1 Qh8 43.Nd8 Kh7
44.N8b7 Kg6 45.Na5 Re7 46.Rf3 Qh5 47.Rc1 Qh6 48.Kf1 Qh8 49.Ke2 Rg8 50.Rfc3 Qh5+
51.Ke3 Qh7 52.Nab7 Be8 53.Nd8 Nd7 54.Qa6 Nb8 55.Qc8 Bd7 56.Qxb8 Qh8 57.N6b7 Ree8
58.Qd6 Rxd8 59.Nxd8 Rxd8 60.Rxc6 Bxc6 61.Qxe6+ Kg7 62.Qf6+ Kh7 63.Qxf5+ Kg7
64.Rxc6 Qe8 65.Rc7+  1-0

[Event "1st Artemis Cup"]
[Site "Leros GRE"]
[Date "2009.07.18"]
[Round "8"]
[White "Jeremic,V"]
[Black "Kraidman,Y"]
[Result "1-0"]
[WhiteElo "2487"]
[BlackElo "2259"]

1.d4 d5 2.c4 c6 3.Nf3 Nf6 4.Nc3 e6 5.Qb3 Nbd7 6.Bg5 Qb6 7.Qc2 Bb4 8.Bd2 dxc4
9.e4 e5 10.dxe5 Ng4 11.Bf4 Bxc3+ 12.bxc3 Qc5 13.e6 fxe6 14.h3 Nge5 15.Nd4 Qe7
16.Bg3 O-O 17.f4 Ng6 18.Bxc4 Nb6 19.Qb3 Nxc4 20.Qxc4 Nxf4 21.O-O g5 22.Nf5 Qf6
23.h4 h6 24.hxg5 hxg5 25.Bxf4 gxf4 26.Rxf4 Rf7 27.e5 Qxf5 28.Rxf5 exf5 29.Rd1 Kg7
30.Rd6 b6 31.Qh4  1-0

[Event "Quebec Open"]
[Site "Montreal CAN"]
[Date "2009.07.20"]
[Round "4"]
[White "Gagunashvili,M"]
[Black "Leveille,F"]
[Result "1-0"]
[WhiteElo "2574"]
[BlackElo "2261"]

1.d4 d5 2.c4 c6 3.Nf3 Nf6 4.Nc3 e6 5.Qb3 Nbd7 6.Bg5 Be7 7.e3 O-O 8.Rd1 Ne4
9.Bf4 Qa5 10.Bd3 Nxc3 11.bxc3 dxc4 12.Bxc4 Nb6 13.O-O c5 14.Bc7 Bd7 15.Bxb6 axb6
16.Rb1 Bc6 17.Ne5 Be4 18.Rb2 cxd4 19.cxd4 Ba3 20.Re2 Bd6 21.f3 Bxe5 22.fxe4 Bf6
23.e5 Bg5 24.Ref2 Qa3 25.Qxa3 Rxa3 26.Rxf7 Rxf7 27.Bxe6 Bxe3+ 28.Kh1 Bxd4
29.Rxf7 Bc5 30.Rxb7+ Kf8 31.Bb3 h5 32.Rf7+ Kg8 33.e6 Ra8 34.e7 Kh7 35.Ba4 Bxe7
36.Bc2+ Kh6 37.Rxe7 Rxa2 38.Bd1 Ra1 39.Re1 Kg5 40.Kg1 h4 41.h3 Kf4 42.Kf2 g5
43.Bf3 Rxe1 44.Kxe1 Kg3 45.Kd2  1-0

[Event "Dutch Open"]
[Site "Dieren NED"]
[Date "2009.07.21"]
[Round "1"]
[White "Ikonnikov,Vy"]
[Black "Van der Velden,B"]
[Result "1-0"]
[WhiteElo "2556"]
[BlackElo "2210"]

1.d4 d5 2.Nf3 Nf6 3.c4 c6 4.Nc3 e6 5.Qb3 dxc4 6.Qxc4 b5 7.Qb3 Nbd7 8.Bg5 Be7
9.Rd1 O-O 10.e3 Bb7 11.Bd3 a6 12.Bb1 b4 13.Na4 Qa5 14.Bxf6 Bxf6 15.Be4 Be7
16.Nd2 Rab8 17.O-O c5 18.Bxb7 Rxb7 19.Nc4 Qb5 20.d5 exd5 21.Rxd5 Nf6 22.Rd3 Rd7
23.Rfd1 Rfd8 24.Nab6 Rxd3 25.Rxd3 Rxd3 26.Qxd3 Qc6 27.f3 h5 28.e4 h4 29.Kf2 Nh5
30.Qd5 Qh6 31.Ne5 Qf4 32.Nbc4 Qf6 33.g3 g6 34.Ng4 hxg3+ 35.hxg3 Qd4+ 36.Qxd4 cxd4
37.Nge5 Kf8 38.f4 Ke8 39.Kf3 Nf6 40.Nc6 Bc5 41.e5 Nd5 42.Ke4 Ne3 43.Nd2 Kd7
44.Nb8+ Kc8 45.Nxa6 Be7 46.Nb3 Nd1 47.Kxd4 Nxb2 48.Nbc5 Nd1 49.Nxb4 Bxc5+
50.Kxc5 Nc3 51.Kd6 Kd8 52.Kc6 Kc8 53.a3 Ne2 54.a4 Nxg3 55.a5 Nf5 56.Nd5 Nd4+
57.Kb6 Kd7 58.a6  1-0

[Event "Najdorf Mem Open"]
[Site "Warsaw POL"]
[Date "2009.07.22"]
[Round "5"]
[White "Pazderski,Z"]
[Black "Kaliszewski,T"]
[Result "1-0"]
[WhiteElo "2228"]
[BlackElo "2082"]

1.c4 Nf6 2.Nf3 c6 3.Nc3 d5 4.d4 e6 5.Bf4 Be7 6.e3 O-O 7.c5 Nh5 8.Bd3 Nxf4
9.exf4 b6 10.b4 bxc5 11.bxc5 Ba6 12.Bxa6 Nxa6 13.Qa4 Qc8 14.O-O Bf6 15.Ne5 Bxe5
16.fxe5 Nb8 17.Rab1 Nd7 18.Rfe1 Qc7 19.g3 h6 20.Rb3 Rfb8 21.Reb1 Rxb3 22.axb3 a6
23.Na2 Qb7 24.Nb4 Nb8 25.Ra1 Kf8 26.f4 Ra7 27.Kf2 Ke7 28.Ke3 a5 29.Nd3 Qb5
30.b4 Qb7 31.bxa5 Na6 32.Qa2 Nc7 33.Rb1 Nb5 34.Rb3 Qa8 35.Nb4 Kd7 36.a6 g5
37.Qf2 Qg8 38.f5 Qh7 39.fxe6+ fxe6 40.Kd2 g4 41.Qf4 h5 42.Re3 Ke8 43.Re2 Rf7
44.Qg5 Nxd4 45.a7 Rxa7 46.Rf2 Nf3+ 47.Rxf3 gxf3 48.Qf6 Qf7 49.Qh8+ Kd7 50.Qb8 Ra1
51.Qb7+ Ke8 52.Qc8+ Ke7 53.Nxc6+  1-0

[Event "ZMD Open"]
[Site "Dresden GER"]
[Date "2009.07.25"]
[Round "1"]
[White "Bulano,A"]
[Black "Meurs,T"]
[Result "0-1"]
[WhiteElo "1801"]
[BlackElo "2179"]

1.d4 d5 2.Nf3 Nf6 3.c4 c6 4.Nc3 e6 5.Bf4 dxc4 6.e3 b5 7.Ne5 Bb4 8.Be2 O-O
9.Qc2 Bb7 10.a3 Be7 11.O-O Nbd7 12.a4 a6 13.Rad1 Rc8 14.Nxd7 Qxd7 15.e4 Rfd8
16.Bg3 c5 17.axb5 cxd4 18.e5 axb5 19.exf6 Bxf6 20.Ne4 Be7 21.Bf3 d3 22.Qd2 Bxe4
23.Bxe4 Qd4 24.Rfe1 Bf6 25.Rb1 b4 26.Bf3 c3 27.bxc3 bxc3 28.Qe3 Qxe3 29.Rxe3 c2
30.Ree1 d2  0-1

[Event "Najdorf Mem Open"]
[Site "Warsaw POL"]
[Date "2009.07.26"]
[Round "9"]
[White "Jansson,A"]
[Black "Gasik,An"]
[Result "1-0"]
[WhiteElo "2069"]
[BlackElo "2216"]

1.Nf3 d5 2.d4 Nf6 3.c4 e6 4.Nc3 c6 5.Qb3 dxc4 6.Qxc4 b5 7.Qb3 a6 8.Bg5 Nbd7
9.Rd1 Qc7 10.e3 Bb7 11.Be2 c5 12.dxc5 Bxc5 13.O-O O-O 14.Nd4 Rad8 15.Bh4 Qa5
16.Qc2 Bxd4 17.Rxd4 Rc8 18.Qd1 Ne5 19.f4 Nc6 20.Bxf6 gxf6 21.Rd7 Qb6 22.Rf3 Kh8
23.Rh3 Rg8 24.Rxf7 Rxg2+ 25.Kf1 Kg8 26.Rfxh7 Rd8 27.Rh8+ Kf7 28.R3h7+ Kg6
29.Bh5+  1-0

[Event "Open"]
[Site "Kavala GRE"]
[Date "2009.08.04"]
[Round "5"]
[White "Dzagnidze,N"]
[Black "Sandipan,C"]
[Result "0-1"]
[WhiteElo "2536"]
[BlackElo "2585"]

1.d4 d5 2.c4 c6 3.Nf3 Nf6 4.Nc3 e6 5.Qb3 dxc4 6.Qxc4 b5 7.Qd3 a6 8.Bg5 c5
9.e4 cxd4 10.Nxd4 Nbd7 11.Nb3 Bb7 12.f3 Be7 13.Be3 O-O 14.Be2 b4 15.Na4 Bc6
16.Nac5 Bb5 17.Qd2 Nxc5 18.Qxd8 Rfxd8 19.Nxc5 Rdc8 20.Rc1 Rc6 21.Kf2 Rac8
22.Bxb5 axb5 23.Nd3 Rc2+ 24.Kg3 R2c4 25.Rhd1 h6 26.b3 Rc3 27.Bd2 Nxe4+ 28.fxe4 Rxd3+  0-1

[Event "Open"]
[Site "Olomouc CZE"]
[Date "2009.08.06"]
[Round "2"]
[White "Saheb,K"]
[Black "Zilka,S"]
[Result "0-1"]
[WhiteElo "2111"]
[BlackElo "2466"]

1.d4 d5 2.c4 c6 3.Nc3 Nf6 4.Nf3 e6 5.Bf4 dxc4 6.e3 b5 7.a4 Bb4 8.axb5 cxb5
9.Bxb8 Rxb8 10.Rxa7 O-O 11.Be2 Nd5 12.Qa1 Qb6 13.Ra2 Bxc3+ 14.bxc3 b4 15.Bxc4 Nxc3
16.Rb2 Bb7 17.Ne5 Bxg2 18.Rg1 Qb7 19.Nd3 Qc7 20.Ne5 Bd5 21.Bd3 f6 22.Ng4 h5
23.e4 hxg4 24.exd5 Qxh2 25.Rxg4 exd5 26.Qa7 Rbe8+ 27.Re2 Qh1+  0-1

[Event "Asian Zone 3.2 w"]
[Site "New Delhi IND"]
[Date "2009.08.13"]
[Round "5"]
[White "Sachdev,T"]
[Black "Swathi,G"]
[Result "1/2-1/2"]
[WhiteElo "2410"]
[BlackElo "2344"]

1.d4 d5 2.c4 c6 3.Nf3 Nf6 4.Nc3 e6 5.Qb3 Nbd7 6.Bg5 a6 7.e4 h6 8.Bxf6 Nxf6
9.e5 dxc4 10.Bxc4 Nd5 11.O-O Be7 12.Rfe1 Bd7 13.Bxd5 cxd5 14.Qxb7 Rb8 15.Qxa6 Rxb2
16.Reb1 Rxb1+ 17.Rxb1 O-O 18.Qb7 Qc8 19.Qb3 Qc6 20.h3 Rc8 21.Ne2 Qc2 22.Rb2 Qxb3
23.Rxb3 Ba4 24.Rd3 Bb4 25.a3 Ba5 26.Re3 Rc4 27.g4 Bd1 28.Kf1 Rc2 29.Nfg1 Ra2
30.Nf3 Rc2 31.Nfg1 Rb2 32.Nc3 Bb3 33.Kg2 Bc4  1/2-1/2

[Event "Abu Dhabi Festival Open"]
[Site "Abu Dhabi UAE"]
[Date "2009.08.18"]
[Round "7"]
[White "Laxman,R"]
[Black "Andriasian,Z"]
[Result "1/2-1/2"]
[WhiteElo "2502"]
[BlackElo "2585"]

1.Nf3 Nf6 2.c4 c6 3.d4 d5 4.Nc3 e6 5.Qb3 Nbd7 6.Bg5 a5 7.cxd5 exd5 8.a3 Be7
9.e3 O-O 10.Bd3 Re8 11.O-O Nf8 12.Ne5 Ng4 13.Bxe7 Qxe7 14.Nxg4 Bxg4 15.Rae1 Bh5
16.Qc2 Bg6 17.Bxg6 Nxg6 18.g3 Qf6 19.f4 Ne7 20.f5 Nc8 21.Qd3 Nd6 22.e4 dxe4
23.Nxe4 Nxe4 24.Rxe4 h6 25.Rff4 Rad8 26.Qe3 Rxe4 27.Qxe4 c5 28.Qe5 cxd4 29.Qxf6 gxf6
30.Kf1 d3 31.Ke1 Re8+ 32.Kd2 Re2+ 33.Kxd3 Rxb2 34.Kc4 b6 35.Rh4 Kg7 36.Kd5 b5
37.Kc5 Rb3 38.Kb6 Rxa3 39.Kxb5 Ra2 40.Rh5 Ra1 41.Kb6 Ra4 42.h3 Ra1 43.g4 a4
44.Kb5 Kh7 45.Kb4 a3 46.Kb3 Kg7 47.Rh4  1/2-1/2

[Event "2nd WTeam w"]
[Site "Ningbo CHN"]
[Date "2009.09.10"]
[Round "8"]
[White "Sachdev,T"]
[Black "Zhukova,N"]
[Result "1/2-1/2"]
[WhiteElo "2405"]
[BlackElo "2457"]

1.d4 d5 2.c4 e6 3.Nf3 Nf6 4.Nc3 c6 5.Qb3 dxc4 6.Qxc4 b5 7.Qd3 a6 8.Bg5 c5
9.d5 Be7 10.O-O-O Nxd5 11.Bxe7 Qxe7 12.Nxd5 exd5 13.Qxd5 Bb7 14.Qe5 Qxe5
15.Nxe5 f6 16.Nd3 Nd7 17.Nf4 Ke7 18.e3 Nb6 19.h4 Rad8 20.Be2 g6 21.f3 f5
22.Rhe1 Kf6 23.Nd3 Na4 24.g4 fxg4 25.fxg4 c4 26.Rf1+ Ke7 27.Ne5 Be4 28.Rxd8 Rxd8
29.Nf7 Rf8 30.Ng5 Rxf1+ 31.Bxf1 Nc5 32.Nxh7 Bf3 33.g5 Ne4 34.Bh3 a5 35.a3 Nf2
36.Bf1 Nd1 37.Bg2 Bh5 38.Bc6 b4 39.axb4 axb4 40.Nf6 Nxe3 41.Nxh5 gxh5 42.Bf3 Nf5
43.Bxh5 Nxh4 44.Be2 c3 45.bxc3 bxc3 46.Kc2 Ke6 47.Kxc3  1/2-1/2

[Event "Arco Open A"]
[Site "Arco ITA"]
[Date "2009.10.18"]
[Round "2"]
[White "Thompson,E"]
[Black "Gerhard,W"]
[Result "1-0"]
[WhiteElo "1818"]
[BlackElo "2012"]

1.d4 d5 2.c4 c6 3.Nf3 Nf6 4.Nc3 e6 5.Bf4 dxc4 6.a4 Bb4 7.Qc2 Qa5 8.Bd2 O-O
9.e4 b5 10.Be2 Bb7 11.O-O Bxc3 12.Bxc3 b4 13.Bd2 c5 14.e5 Ne4 15.Bxc4 Nxd2
16.Nxd2 cxd4 17.f4 Ba6 18.Rf3 Bxc4 19.Nxc4 Qc5 20.Qd3 Nd7 21.Nd6 f6 22.Rh3 g6
23.Ne4 Qd5 24.Re1 f5 25.Ng5 h5 26.g4 Nc5 27.Qb1 d3 28.gxh5 Qd4+ 29.Ree3 Qxf4
30.Rhg3 Ne4 31.Nh3 Qxe5 32.Rxg6+ Kf7 33.Ng5+ Ke7 34.Rxe6+ Qxe6 35.Nxe6 Kxe6
36.Qxd3 Rg8+ 37.Kf1 a5 38.h6 Rh8 39.Qc4+ Ke5 40.Rd3 Rac8 41.Qd5+ Kf4 42.Qd4 Kg5
43.Qg7+ Kf4 44.h7 Rhe8 45.Rd1 b3 46.Qh6+ Ke5 47.Qa6 Rc5 48.Qb7 Rc2 49.Qg7+ Kf4
50.h8=Q Rf2+ 51.Kg1  1-0

[Event "Chigorin Mem Open"]
[Site "St Petersburg RUS"]
[Date "2009.10.22"]
[Round "7"]
[White "Kostiukov,A"]
[Black "Savinov,L"]
[Result "0-1"]
[WhiteElo "2317"]
[BlackElo "2167"]

1.c4 e6 2.Nf3 d5 3.d4 c6 4.Qb3 Nf6 5.Nc3 Nbd7 6.Bf4 Nh5 7.Bd2 Nb6 8.e4 dxc4
9.Bxc4 Nxc4 10.Qxc4 Nf6 11.O-O Be7 12.Be3 O-O 13.a3 a5 14.Qb3 a4 15.Qc2 b5
16.Ne5 Bb7 17.f3 Nd7 18.Nxd7 Qxd7 19.Rfd1 Rac8 20.Rac1 Rfd8 21.Na2 Bf6 22.e5 Be7
23.Nc3 Qe8 24.Ne4 Rd5 25.Bg5 Bf8 26.Bf4 c5 27.Ng5 g6 28.Ne4 Be7 29.dxc5 Rxd1+
30.Rxd1 Bxe4 31.Qxe4 Bxc5+ 32.Kh1 Rd8 33.Rd3 Be7 34.g3 g5 35.Bd2 Rxd3 36.Qxd3 Qd8
37.Qxd8+ Bxd8 38.Kg2 Bc7 39.Bc3 h5 40.g4 hxg4 41.fxg4 Kf8 42.h3 Ke7 43.h4 gxh4
44.Kh3 Bb6 45.Kxh4 Be3 46.Kg3 Kd7 47.Kf3 Bg5 48.Ke4 Kc6 49.Bd4 Bc1  0-1

[Event "ch-VIE Women Masters"]
[Site "Ho Chi Minh City VIE"]
[Date "2009.12.14"]
[Round "7"]
[White "Hoang Thi Bao Tram"]
[Black "Nguyen Thi Tuong Van"]
[Result "1-0"]
[WhiteElo "2274"]
[BlackElo "2246"]

1.d4 d5 2.Nf3 Nf6 3.Bf4 c6 4.c4 e6 5.Nc3 Nbd7 6.e3 Be7 7.Bd3 O-O 8.cxd5 exd5
9.O-O h6 10.a3 Nh5 11.Bg3 Nxg3 12.hxg3 f5 13.Ne2 Nf6 14.Qc2 Ne4 15.Ne5 Bf6
16.Bxe4 fxe4 17.f4 exf3 18.gxf3 Bxe5 19.dxe5 Be6 20.Rad1 Qg5 21.Qb3 Rf7 22.Rf2 Raf8
23.f4 Qg4 24.Rg2 g5 25.Nd4 gxf4 26.exf4 Bc8 27.Rf1 h5 28.Qd3 h4 29.f5 h3
30.Rgf2 Rh7 31.Kh2 c5 32.Ne2 d4 33.Qc4+ Kh8 34.f6 Bd7 35.e6 Be8 36.f7 Bc6
37.e7  1-0

[Event "Tata Steel TCh-Asia w"]
[Site "Kolkata IND"]
[Date "2009.12.24"]
[Round "3"]
[White "Sachdev,T"]
[Black "Nguyen Thi Mai Hung"]
[Result "1-0"]
[WhiteElo "2399"]
[BlackElo "2244"]

1.d4 d5 2.c4 e6 3.Nf3 Nf6 4.Nc3 c6 5.Qb3 Nbd7 6.Bg5 Be7 7.e3 O-O 8.Bd3 dxc4
9.Qxc4 h6 10.Bxf6 Bxf6 11.O-O e5 12.dxe5 Nxe5 13.Nxe5 Bxe5 14.Qe4 Re8 15.Qh7+ Kf8
16.Rad1 Qa5 17.Bb1 Be6 18.f4 Bxc3 19.bxc3 f5 20.e4 Qxc3 21.e5 Qc5+ 22.Kh1 Qe7
23.Bxf5 Bxf5 24.Qxf5+ Qf7 25.Qh7 Rad8 26.Rxd8 Rxd8 27.f5 Qg8 28.Qg6 Qc4 29.Rg1 Qf4
30.f6 gxf6 31.e6 Qc7 32.Qxf6+ Ke8 33.Rf1  1-0

[Event "11th Christmas Open"]
[Site "Litomysl CZE"]
[Date "2009.12.31"]
[Round "7"]
[White "Volodin,V"]
[Black "Sodoma,J"]
[Result "0-1"]
[WhiteElo "2206"]
[BlackElo "2355"]

1.Nf3 d5 2.d4 Nf6 3.c4 c6 4.Nc3 e6 5.Qb3 Nbd7 6.g3 Bd6 7.Bg2 O-O 8.O-O Qe7
9.Rd1 Re8 10.Bg5 h6 11.Bxf6 Nxf6 12.Rac1 a6 13.c5 Bc7 14.Qc2 e5 15.Nxe5 Bxe5
16.dxe5 Qxe5 17.Qd2 Bg4 18.h3 Bh5 19.g4 Bg6 20.f4 Qe7 21.f5 Bh7 22.b4 Rad8
23.Qf4 Qe3+ 24.Qxe3 Rxe3 25.Kf2 Rde8 26.Rd3 R3e5 27.Rd4 g6 28.fxg6 fxg6 29.Bf3 g5
30.a4 R5e7 31.b5 Nd7 32.bxc6 bxc6 33.Na2 a5 34.Rc3 Ne5 35.Nc1 Kg7 36.Rb3 Nc4
37.Rc3 Bg6 38.Nb3 Rf8 39.Rdxc4 dxc4 40.Nxa5 Ra7 41.Nxc6 Rxa4 42.Nd4 Kf6 43.Kg3 Bf7
44.Nb5 Rb4 45.Nd4 Rc8 46.c6 Ke5 47.Nf5 Rb3 48.Nxh6 Bd5 49.Rc1 Rxc6 50.Kg2 Rxh6  0-1

[Event "XXXV Open"]
[Site "Seville ESP"]
[Date "2010.01.13"]
[Round "6"]
[White "Lazaro Porta,A"]
[Black "Delgado Lagares,F"]
[Result "1-0"]
[WhiteElo "1979"]
[BlackElo "1696"]

1.d4 d5 2.Nf3 Nf6 3.c4 c6 4.Nc3 e6 5.Bf4 Nbd7 6.e3 Be7 7.h3 b6 8.Bd3 dxc4
9.Bxc4 O-O 10.O-O Bb7 11.Qe2 Nd5 12.Bh2 N7f6 13.Bd3 Bd6 14.Ne5 Nxc3 15.bxc3 c5
16.dxc5 Bxc5 17.Rfd1 Qe7 18.Qc2 Rfd8 19.Bf4 Rac8 20.Bg5 h6 21.Bh4 g5 22.Bg3 Qe8
23.a4 Kf8 24.Bb5 Be4 25.Qe2 Qe7 26.Rxd8+ Rxd8 27.Nc6 Bxc6 28.Bxc6 Bd6 29.f4 Qc7
30.Qf3 Nd5 31.Bxd5 exd5 32.Rf1 Re8 33.Qh5 Re6 34.fxg5 hxg5 35.Bxd6+ Rxd6
36.Qh8+ Ke7 37.Rxf7+  1-0

[Event "2nd Chennai Open"]
[Site "Chennai IND"]
[Date "2010.02.01"]
[Round "9"]
[White "Kamble,V"]
[Black "Arun Prasad,S"]
[Result "1-0"]
[WhiteElo "2364"]
[BlackElo "2567"]

1.d4 d5 2.c4 e6 3.Nc3 c6 4.Nf3 Nf6 5.Qb3 dxc4 6.Qxc4 b5 7.Qd3 Nbd7 8.e4 b4
9.Na4 Qa5 10.b3 Bb7 11.Bg5 c5 12.Bxf6 gxf6 13.Be2 c4 14.Qe3 c3 15.O-O Qc7
16.a3 a5 17.Bb5 Ba6 18.Bxa6 Rxa6 19.Ne1 Be7 20.Qe2 Ra8 21.f4 O-O 22.Rf3 Kh8
23.Nc2 Rg8 24.Kh1 Rab8 25.Rd1 Nb6 26.Nxb6 Qxb6 27.a4 Rbd8 28.Rh3 Rg7 29.Rh5 Qc7
30.Rf1 Rdg8 31.Rf2 Bd6 32.Qb5 e5 33.fxe5 fxe5 34.d5 Bc5 35.Rf3 f5 36.Qe2 fxe4
37.Rff5 Qd7 38.Qxe4 Bd6 39.g3 Qe7 40.Ne3 Qa7 41.Nc4 Qc5 42.Kg2 Bb8 43.Nxe5 Bxe5
44.Qxe5 Rd8  1-0